| 000 | 00477nam a2200181Ia 4500 | ||
|---|---|---|---|
| 003 | OSt | ||
| 005 | 20191223143602.0 | ||
| 008 | 190216s9999||||xx |||||||||||||| ||und|| | ||
| 040 | _coclc | ||
| 082 |
_a336 _bTYA/P |
||
| 100 |
_aTyagi, B P _9671 |
||
| 245 | 0 |
_aPublic Finance / _cB P Tyagi |
|
| 250 | _a40th ed. | ||
| 260 |
_bJai prakash nath&Co, _c2002. _aMeerut: |
||
| 300 | _a1112p | ||
| 650 | _aEconomics | ||
| 942 |
_cBK _2ddc _h336 _iTYA/P _k336 _mTYA/P |
||
| 999 |
_c9302 _d9302 |
||